| 000 | 00370nam a2200157Ia 4500 | ||
|---|---|---|---|
| 008 | 230524s9999 xx 000 0 und d | ||
| 082 |
_a330 _bSHA |
||
| 100 | _aEdward Shapiro | ||
| 245 | 0 | _aMacroeconomic Analysis | |
| 250 | _a5TH | ||
| 260 |
_aNEW DELHI _bGalgotia _c2007 |
||
| 300 | _aXIX;588 | ||
| 500 | _aQuantity Number: 5 | ||
| 650 | _aEconomics | ||
| 942 | _cBK | ||
| 999 |
_c40718 _d40718 |
||